000 01262nam a22001457a 4500
999 _c525965
_d525965
008 240429b ||||| |||| 00| 0 eng d
100 _aHadavand, A., Hamermesh, D.S. and Wilson, W.W.
_951919
245 _aPublishing economics: How slow? Why slow? Is slow productive? How to fix slow?
260 _aJournal of Economic Literature
300 _a62(1). Mar, 2024: p.269-293
520 _aEconomics publishing proceeds much more slowly than in the natural sciences, and more slowly than in the other social sciences and finance. It is relatively even slower at the extremes. Much of the lag, especially at the extremes, arises from authors' dilatory behavior in revisions. Additional rounds of resubmissions at top economics journals are related to additional citations; but conditional on resubmission, the delays are unrelated to greater scholarly attention. We offer several proposals for speeding publication, including no-revision policies such as Economic Inquiry's, the use of "cascading referee reports," limits on authors' time revising, and limits on editors waiting for dilatory referees.- Reproduced https://www.aeaweb.org/articles?id=10.1257/jel.20221653
773 _aJournal of Economic Literature
906 _aECONOMICS
942 _cAR